[Event "RUS Cup tt (Women)"]
[Site "Sochi"]
[Date "2023.12.02"]
[Round "6.1"]
[White "Afanasieva, Maria"]
[Black "Gubernatorova, Lyudmila"]
[Result "1/2-1/2"]
[WhiteElo "1686"]
[BlackElo "2123"]
[PlyCount "89"]
[EventDate "2023.11.27"]
[EventType "team-tourn"]
[EventRounds "7"]
[EventCountry "RUS"]
[SourceTitle "CB49_2023"]
[SourceDate "2023.12.06"]
[SourceVersion "1"]
[SourceVersionDate "2023.12.06"]
[SourceQuality "1"]
[WhiteTeam "Krasnodar Krym (W)"]
[BlackTeam "Rossia Veterany (W)"]
[WhiteTeamCountry "RUS"]
[BlackTeamCountry "RUS"]

1. e4 e6 2. d4 d5 3. Nc3 dxe4 4. Nxe4 Bd7 5. Bd3 Bc6 6. Ne2 Bxe4 7. Bxe4 c6 8. 0-0 Nf6 9. Bd3 Nbd7 10. c3 Bd6 11. Ng3 h5 12. f4 h4 13. Ne4 Nxe4 14. Bxe4 Nf6 15. Bf3 Qc7 16. h3 g6 17. Qa4 Kf8 18. Be3 Nh5 19. d5 cxd5 20. Bd4 Rh7 21. Be5 Nxf4 22. Bxd6+ Qxd6 23. Rad1 g5 24. Kh1 Kg8 25. c4 Qc6 26. Qb4 Qxc4 27. Qe7 Rg7 28. Qxb7 Qc8 29. Qb3 Rb8 30. Rc1 Qd8 31. Qa3 f5 32. Rc6 g4 33. Bxg4 e5 34. Bxf5 Ne2 35. Be6+ Kh8 36. Qf3 Ng3+ 37. Kg1 e4 38. Qd1 Qg5 39. Rf7 Rxf7 40. Bxf7 Qe3+ 41. Kh2 Rf8 42. Qxd5 Nf1+ 43. Kh1 Ng3+ 44. Kh2 Nf1+ 45. Kh1 1/2-1/2

[Event "Chigorin Memorial 30th"]
[Site "St Petersburg"]
[Date "2023.10.28"]
[Round "8"]
[White "Afanasieva, Maria"]
[Black "Delikov, Vitaly"]
[Result "1-0"]
[WhiteElo "1678"]
[BlackElo "1425"]
[PlyCount "49"]
[EventDate "2023.10.21"]
[EventType "swiss"]
[EventRounds "9"]
[EventCountry "RUS"]
[SourceTitle "Mega2024 Update 01"]
[Source "Chessbase"]
[SourceDate "2023.11.12"]
[SourceVersion "1"]
[SourceVersionDate "2023.11.12"]
[SourceQuality "1"]

1. d4 d5 2. c4 c6 3. Nf3 Nf6 4. Nc3 dxc4 5. a4 e6 6. e3 Bb4 7. Bxc4 0-0 8. 0-0 b6 9. Qc2 Bb7 10. Rd1 Nbd7 11. e4 Qc7 12. Bd3 e5 13. Nd5 Qd6 14. Nxb4 Qxb4 15. dxe5 Ne8 16. Bc4 Nb8 17. b3 Qe7 18. Bg5 Qc7 19. Bd8 Qc8 20. e6 Nc7 21. exf7+ Kh8 22. Bxc7 Qxc7 23. e5 c5 24. Ng5 g6 25. Qc3 1-0

[Event "RUS-chT Rapid (Women)"]
[Site "Sochi"]
[Date "2023.10.19"]
[Round "6.15"]
[White "Reger, Valeriia"]
[Black "Afanasieva, Maria"]
[Result "0-1"]
[WhiteElo "1993"]
[BlackElo "1678"]
[PlyCount "136"]
[EventDate "2023.10.18"]
[EventType "team-swiss (rapid)"]
[EventRounds "9"]
[EventCountry "RUS"]
[SourceTitle "Mega2024 Update 01"]
[Source "Chessbase"]
[SourceDate "2023.11.12"]
[SourceVersion "1"]
[SourceVersionDate "2023.11.12"]
[SourceQuality "1"]
[WhiteTeam "St Petersburg SShOR (W) II"]
[BlackTeam "Krasnodar Kassiopeya (W)"]
[WhiteTeamCountry "RUS"]
[BlackTeamCountry "RUS"]

1. d4 d5 2. c4 e6 3. Nc3 c6 4. cxd5 exd5 5. Qc2 Bd6 6. Nf3 Ne7 7. Bg5 f6 8. Bh4 Bf5 9. Qb3 Qb6 10. Bg3 Bxg3 11. hxg3 Na6 12. Qxb6 axb6 13. e3 Nb4 14. Kd2 0-0 15. Be2 b5 16. a3 Na6 17. Nh4 Be4 18. f3 Bg6 19. Nxg6 hxg6 20. Bd3 b4 21. Ne2 Kf7 22. e4 bxa3 23. bxa3 Nc7 24. a4 Ra7 25. Nc3 Rfa8 26. Rab1 Ne6 27. Ke3 Rd8 28. Rhd1 dxe4 29. fxe4 Rxd4 30. Bc2 Rxd1 31. Rxd1 Nc5 32. g4 b6 33. Rd8 g5 34. Rd6 Rc7 35. g3 Ng6 36. Bd1 Ne5 37. Rd8 Nc4+ 38. Kd4 Nb2 39. Ke3 Nxd1+ 40. Rxd1 Ke7 41. Rb1 Rd7 42. Ne2 Rd3+ 43. Kf2 Nxa4 44. Rb4 b5 45. Nd4 Kd7 46. Nf5 g6 47. Ne3 Nc3 48. Rb2 Nxe4+ 49. Kf3 Nd2+ 50. Ke2 Rxe3+ 51. Kxd2 Rxg3 52. Rb4 Kd6 53. Ke2 f5 54. gxf5 gxf5 55. Kf2 f4 56. Re4 Re3 57. Rd4+ Ke5 58. Rd7 g4 59. Re7+ Kd4 60. Rf7 g3+ 61. Kg2 Re2+ 62. Kf1 Rf2+ 63. Kg1 b4 64. Rc7 c5 65. Rd7+ Kc3 66. Rd1 b3 67. Rc1+ Rc2 68. Rf1 b2 0-1

[Event "RUS-chT Blitz (Women)"]
[Site "Sochi"]
[Date "2023.10.17"]
[Round "5.20"]
[White "Reger, Valeriia"]
[Black "Afanasieva, Maria"]
[Result "1/2-1/2"]
[WhiteElo "1993"]
[BlackElo "1678"]
[PlyCount "93"]
[EventDate "2023.10.17"]
[EventType "team-tourn (blitz)"]
[EventRounds "13"]
[EventCountry "RUS"]
[SourceTitle "Mega2024 Update 01"]
[Source "Chessbase"]
[SourceDate "2023.11.12"]
[SourceVersion "1"]
[SourceVersionDate "2023.11.12"]
[SourceQuality "1"]
[WhiteTeam "St Petersburg SShOR (W) II"]
[BlackTeam "Krasnodar Kassiopeya (W)"]
[WhiteTeamCountry "RUS"]
[BlackTeamCountry "RUS"]

1. d4 Nf6 2. c4 e6 3. Nc3 d5 4. cxd5 exd5 5. Bg5 c6 6. e3 Be7 7. Bd3 h6 8. Bh4 Be6 9. Qb3 Qb6 10. Qc2 Nbd7 11. Nf3 0-0 12. 0-0 Qc7 13. Bg3 Bd6 14. Nb5 cxb5 15. Qxc7 Bxc7 16. Bxc7 Rac8 17. Rac1 a6 18. a3 Rfe8 19. Rc2 Ne4 20. Rfc1 Ndf6 21. h3 Re7 22. Be5 Ree8 23. Rc7 Kf8 24. Kf1 Rxc7 25. Rxc7 Re7 26. Rc2 Ne8 27. Ke2 N8d6 28. b3 Ke8 29. Nd2 f6 30. Bh2 Kd7 31. f3 Nxd2 32. Kxd2 Re8 33. e4 dxe4 34. fxe4 Bxb3 35. Rc3 Bc4 36. e5 Bxd3 37. Kxd3 fxe5 38. Bxe5 g6 39. Bg7 h5 40. Rc2 Nf5 41. Be5 Ne7 42. Rc7+ Ke6 43. Rxb7 Nc6 44. Rb6 Kd5 45. Bg7 Re7 46. Bh8 Re1 47. Rxa6 1/2-1/2

[Event "RUS-chT Blitz (Women)"]
[Site "Sochi"]
[Date "2023.10.17"]
[Round "8.19"]
[White "Tazetdinova, Adelya"]
[Black "Afanasieva, Maria"]
[Result "1/2-1/2"]
[WhiteElo "1522"]
[BlackElo "1678"]
[PlyCount "139"]
[EventDate "2023.10.17"]
[EventType "team-tourn (blitz)"]
[EventRounds "13"]
[EventCountry "RUS"]
[SourceTitle "Mega2024 Update 01"]
[Source "Chessbase"]
[SourceDate "2023.11.12"]
[SourceVersion "1"]
[SourceVersionDate "2023.11.12"]
[SourceQuality "1"]
[WhiteTeam "Bashkortostan (W)"]
[BlackTeam "Krasnodar Kassiopeya (W)"]
[WhiteTeamCountry "RUS"]
[BlackTeamCountry "RUS"]

1. e4 c6 2. d4 d5 3. exd5 cxd5 4. c4 e6 5. Nc3 Nf6 6. Nf3 Bb4 7. Bd3 dxc4 8. Bxc4 Nc6 9. 0-0 0-0 10. a3 Be7 11. Bf4 a6 12. Rc1 b5 13. Ba2 Bb7 14. Re1 Rc8 15. h3 Na5 16. Ne5 Nd7 17. Qg4 Nf6 18. Qd1 Nd7 19. b4 Nxe5 20. Bxe5 Nc4 21. Bxc4 Rxc4 22. Qg4 Bf6 23. Ne4 Bxe5 24. Rxc4 bxc4 25. dxe5 Bxe4 26. Qxe4 Qd5 27. Qc2 Rd8 28. Rc1 Rc8 29. Qc3 Kf8 30. a4 Ke7 31. Kh2 Qc6 32. a5 Qb5 33. Kg1 Qd5 34. Kh2 Rc6 35. g3 Kd7 36. h4 Qd3 37. Rc2 Qxc3 38. Rxc3 Rc8 39. Kg2 f6 40. f4 Ke7 41. Kf3 f5 42. Ke3 h6 43. Kd4 Kd7 44. Rxc4 Rb8 45. Kc5 Rb5+ 46. Kd4 Rd5+ 47. Kc3 Rd1 48. Rd4+ Rxd4 49. Kxd4 Kc6 50. Kc4 h5 51. Kc3 Kd5 52. Kd3 g6 53. Kc3 Ke4 54. b5 axb5 55. a6 Kf3 56. a7 Kxg3 57. a8Q Kxf4 58. Qg2 Kxe5 59. Qxg6 Kd5 60. Qxh5 Ke4 61. Qe2+ Kf4 62. Qxe6 Kg4 63. Qh6 f4 64. Kd2 b4 65. Ke1 b3 66. Qb6 Kxh4 67. Qxb3 Kg4 68. Kf2 Kf5 69. Kf3 Ke5 70. Qb5+ 1/2-1/2

[Event "RUS-chT Blitz (Women)"]
[Site "Sochi"]
[Date "2023.10.17"]
[Round "7.16"]
[White "Zeliantsova, Kseniya"]
[Black "Afanasieva, Maria"]
[Result "1-0"]
[WhiteElo "1867"]
[BlackElo "1678"]
[PlyCount "63"]
[EventDate "2023.10.17"]
[EventType "team-tourn (blitz)"]
[EventRounds "13"]
[EventCountry "RUS"]
[SourceTitle "Mega2024 Update 01"]
[Source "Chessbase"]
[SourceDate "2023.11.12"]
[SourceVersion "1"]
[SourceVersionDate "2023.11.12"]
[SourceQuality "1"]
[WhiteTeam "Belarus (W)"]
[BlackTeam "Krasnodar Kassiopeya (W)"]
[WhiteTeamCountry "BLR"]
[BlackTeamCountry "RUS"]

1. e4 c6 2. d4 d5 3. Nd2 dxe4 4. Nxe4 Nf6 5. Nxf6+ gxf6 6. Nf3 h5 7. g3 Bg4 8. Be2 Nd7 9. Bf4 Nb6 10. h3 Bf5 11. c4 e6 12. Qd2 Be4 13. Rc1 a5 14. 0-0 Bb4 15. Qe3 Bf5 16. Kh2 Nd7 17. Nh4 Bh7 18. Bxh5 Be7 19. Qxe6 Rf8 20. Rfe1 Bg6 21. Bxg6 fxg6 22. Nxg6 Rf7 23. Bd6 Nf8 24. Qxe7+ Rxe7 25. Rxe7+ Qxe7 26. Nxe7 Ne6 27. d5 cxd5 28. cxd5 Nd8 29. Rc7 Ra6 30. Ng6 Nf7 31. Re7+ Kd8 32. Bc7+ 1-0

[Event "RUS-ch Blitz (Women)"]
[Site "Sochi"]
[Date "2023.10.14"]
[Round "7"]
[White "Afanasieva, Maria"]
[Black "Satanovskaia, Evgeniia"]
[Result "1-0"]
[WhiteElo "1678"]
[BlackElo "1849"]
[PlyCount "95"]
[EventDate "2023.10.14"]
[EventType "swiss (blitz)"]
[EventRounds "13"]
[EventCountry "RUS"]
[SourceTitle "Mega2024 Update 01"]
[Source "Chessbase"]
[SourceDate "2023.11.12"]
[SourceVersion "1"]
[SourceVersionDate "2023.11.12"]
[SourceQuality "1"]

1. d4 d5 2. c4 e6 3. Nf3 Nf6 4. Bg5 Be7 5. e3 0-0 6. Nc3 h6 7. Bh4 b6 8. Bd3 Bb7 9. Rc1 Nbd7 10. 0-0 dxc4 11. Bxc4 c5 12. Be2 cxd4 13. Nxd4 Nd5 14. Bg3 Nxc3 15. Rxc3 Nc5 16. Bf3 Bd5 17. Nc6 Bxc6 18. Bxc6 Rc8 19. Qf3 Bf6 20. Rd1 Bxc3 21. Rxd8 Rfxd8 22. bxc3 Rxc6 23. h4 Rcc8 24. Be5 Rd5 25. Qg3 g6 26. Bd4 Rcd8 27. c4 Rf5 28. Qc7 Rf8 29. g4 e5 30. gxf5 exd4 31. exd4 Ne4 32. Qxa7 gxf5 33. Qxb6 Kh7 34. Kf1 Ra8 35. Qc7 Kh8 36. Qxf7 Re8 37. Qg6 Re7 38. Qxf5 Kg8 39. Qg6+ Kf8 40. Qxh6+ Ke8 41. d5 Nd6 42. Qg6+ Kd7 43. c5 Ne4 44. c6+ Kc7 45. Qg4 Nd6 46. Qf4 Re4 47. Qg3 Rd4 48. Qg7+ 1-0

[Event "RUS-ch Blitz (Women)"]
[Site "Sochi"]
[Date "2023.10.14"]
[Round "12"]
[White "Ovod, Evgenija"]
[Black "Afanasieva, Maria"]
[Result "1-0"]
[WhiteElo "2256"]
[BlackElo "1678"]
[PlyCount "101"]
[EventDate "2023.10.14"]
[EventType "swiss (blitz)"]
[EventRounds "13"]
[EventCountry "RUS"]
[SourceTitle "Mega2024 Update 01"]
[Source "Chessbase"]
[SourceDate "2023.11.12"]
[SourceVersion "1"]
[SourceVersionDate "2023.11.12"]
[SourceQuality "1"]

1. e4 c6 2. d4 d5 3. exd5 cxd5 4. Bf4 Nc6 5. c3 Nf6 6. Bd3 Bg4 7. Qb3 Qd7 8. Nd2 a6 9. Ngf3 e6 10. h3 Bxf3 11. Nxf3 Na5 12. Qc2 Bd6 13. Ne5 Qe7 14. Qa4+ Nc6 15. Nxc6 Qd7 16. Bxd6 bxc6 17. Bc5 a5 18. 0-0 Qc7 19. b4 Nd7 20. b5 Nxc5 21. dxc5 cxb5 22. Bxb5+ Ke7 23. c6 Rhb8 24. Qh4+ Ke8 25. Qxh7 a4 26. c4 dxc4 27. Bxc4 Qxc6 28. Be2 Qc5 29. Bf3 Ra7 30. Qxg7 Rb4 31. Rac1 Qd4 32. Qxd4 Rxd4 33. Rfd1 Rb4 34. Rc2 Ra5 35. Kh2 a3 36. Be2 Ke7 37. Bc4 Rc5 38. Bb3 Rf5 39. g4 Rf3 40. Kg2 Rff4 41. Rc7+ Kf6 42. Ra7 Rbe4 43. Rd2 Re1 44. Rxa3 e5 45. Ra6+ Kg7 46. Ra7 Rb1 47. Rdd7 e4 48. Rxf7+ Rxf7 49. Rxf7+ Kg6 50. Rf5 Rb2 51. Kg3 1-0

[Event "Dzhubga Blitz op"]
[Site "Dzhubga"]
[Date "2023.08.13"]
[Round "3"]
[White "Afanasieva, Maria"]
[Black "Saulin, Grigoriy"]
[Result "1/2-1/2"]
[WhiteElo "1782"]
[BlackElo "1809"]
[PlyCount "29"]
[EventDate "2023.08.13"]
[EventType "swiss (blitz)"]
[EventRounds "13"]
[EventCountry "RUS"]
[SourceTitle "CBM 215 Extra"]
[Source "ChessBase"]
[SourceDate "2023.09.30"]
[SourceVersion "1"]
[SourceVersionDate "2023.09.30"]
[SourceQuality "1"]

1. d4 Nf6 2. c4 e6 3. Nf3 b6 4. Nc3 Bb7 5. Bg5 Be7 6. e3 0-0 7. Bd3 c5 8. 0-0 h6 9. Bh4 cxd4 10. exd4 d5 11. Rc1 Nbd7 12. Ne5 Rc8 13. Nxd7 Qxd7 14. Bxf6 Bxf6 15. cxd5 1/2-1/2

[Event "Dzhubga Blitz op"]
[Site "Dzhubga"]
[Date "2023.08.13"]
[Round "6"]
[White "Zhuk, Aleksei"]
[Black "Afanasieva, Maria"]
[Result "1-0"]
[WhiteElo "2108"]
[BlackElo "1782"]
[PlyCount "72"]
[EventDate "2023.08.13"]
[EventType "swiss (blitz)"]
[EventRounds "13"]
[EventCountry "RUS"]
[SourceTitle "CBM 215 Extra"]
[Source "ChessBase"]
[SourceDate "2023.09.30"]
[SourceVersion "1"]
[SourceVersionDate "2023.09.30"]
[SourceQuality "1"]

1. d4 Nf6 2. Nf3 e6 3. g3 d5 4. Bg2 c5 5. 0-0 Nc6 6. b3 Bd6 7. Bb2 0-0 8. Nbd2 cxd4 9. Nxd4 e5 10. Nxc6 bxc6 11. c4 Bb7 12. Rc1 Rc8 13. cxd5 cxd5 14. Nc4 dxc4 15. Bxb7 Rb8 16. Bg2 cxb3 17. axb3 Qb6 18. Rc6 Qxb3 19. Ba1 Ba3 20. Bxe5 Qxd1 21. Rxd1 Rb6 22. Rxb6 axb6 23. Rb1 Bc5 24. e3 h5 25. h3 Nd7 26. Bc3 Rc8 27. Ba1 f6 28. Bd5+ Kf8 29. Bf3 g6 30. Be4 Kf7 31. Kg2 Ne5 32. Bb7 Rc7 33. Be4 Ra7 34. Bc3 Ra3 35. Bd2 Ra2 36. Bd5+ Ke8 1-0

[Event "Dzhubga Rapid op"]
[Site "Dzhubga"]
[Date "2023.08.11"]
[Round "4"]
[White "Zakaryan, David"]
[Black "Afanasieva, Maria"]
[Result "1/2-1/2"]
[WhiteElo "2296"]
[BlackElo "1782"]
[PlyCount "174"]
[EventDate "2023.08.10"]
[EventType "swiss (rapid)"]
[EventRounds "11"]
[EventCountry "RUS"]
[SourceTitle "CBM 215 Extra"]
[Source "ChessBase"]
[SourceDate "2023.09.30"]
[SourceVersion "1"]
[SourceVersionDate "2023.09.30"]
[SourceQuality "1"]

1. e4 c6 2. d4 d5 3. e5 Bf5 4. h4 h5 5. Bd3 Bxd3 6. Qxd3 e6 7. Nf3 Nd7 8. Bg5 Qb6 9. Nbd2 Ne7 10. 0-0 Nf5 11. c4 Be7 12. Bxe7 Nxe7 13. c5 Qd8 14. Ng5 Nf5 15. g3 Qe7 16. Rfe1 0-0 17. Qf3 g6 18. Qf4 b6 19. b4 bxc5 20. bxc5 Rfb8 21. Rab1 Rxb1 22. Rxb1 Rb8 23. Rb3 a5 24. g4 hxg4 25. Qxg4 Rxb3 26. Nxb3 a4 27. Na5 Nxe5 28. dxe5 Qxc5 29. Nb7 Qc1+ 30. Kg2 Qb2 31. Qxa4 Qxb7 32. Qf4 d4 33. h5 c5+ 34. Kh2 gxh5 35. Ne4 Qe7 36. Nf6+ Kh8 37. Qg5 Qf8 38. a4 Qg7 39. Qxh5+ Qh6 40. Qxh6+ Nxh6 41. Kg2 Nf5 42. a5 Ne7 43. a6 Nc6 44. Kf3 Nxe5+ 45. Ke4 Nc6 46. Nd7 f5+ 47. Kf4 Kg7 48. Nxc5 Kf6 49. Nd3 Ke7 50. Kg5 Kd6 51. Kf6 Nb8 52. a7 Nd7+ 53. Kf7 Nb6 54. Nb2 Kd5 55. Kf6 f4 56. f3 Nd7+ 57. Kg5 Nb6 58. Kxf4 Kc6 59. Ke5 Kb7 60. Kxe6 Kxa7 61. f4 Na8 62. Kd7 Nb6+ 63. Kd6 Nc8+ 64. Ke6 Kb6 65. f5 Kc5 66. Nd3+ Kc6 67. Nb4+ Kc5 68. Nd3+ Kc6 69. Ne5+ Kc5 70. Nd7+ Kc6 71. f6 Nd6 72. Ne5+ Kc5 73. Nd3+ Kc6 74. Ne5+ Kc5 75. Kd7 Kd5 76. Nd3 Nf7 77. Ke7 Ng5 78. Nf4+ Ke4 79. Nh3 Nh7 80. f7 d3 81. Ng5+ Nxg5 82. f8Q d2 83. Qf1 Ke3 84. Kd6 Ne4+ 85. Ke5 Nf2 86. Kd5 d1Q+ 87. Qxd1 Nxd1 1/2-1/2

[Event "Novorossiysk Small Land op"]
[Site "Novorossiysk"]
[Date "2023.07.20"]
[Round "4"]
[White "Nurzhanov, Valikhan"]
[Black "Afanasieva, Maria"]
[Result "1/2-1/2"]
[WhiteElo "2116"]
[BlackElo "1747"]
[PlyCount "150"]
[EventDate "2023.07.17"]
[EventType "swiss"]
[EventRounds "9"]
[EventCountry "RUS"]
[SourceTitle "CBM 215 Extra"]
[Source "ChessBase"]
[SourceDate "2023.09.30"]
[SourceVersion "1"]
[SourceVersionDate "2023.09.30"]
[SourceQuality "1"]

1. e4 g6 2. d4 Bg7 3. h4 h5 4. Nh3 e6 5. Ng5 d6 6. Be3 a6 7. Nd2 Nd7 8. Bc4 Nf8 9. c3 Nh6 10. Qf3 Qf6 11. Qg3 e5 12. 0-0-0 Qe7 13. f4 f6 14. Nh3 Ng4 15. fxe5 dxe5 16. dxe5 Nxe5 17. Bb3 Bg4 18. Nf3 Nfd7 19. Nf4 0-0-0 20. Nd5 Qe8 21. Bd4 c6 22. Nb6+ Nxb6 23. Bxb6 Rd3 24. Rxd3 Nxd3+ 25. Kc2 Ne5 26. Nxe5 Qxe5 27. Qxe5 fxe5 28. Bf7 Bh6 29. Bxg6 Rf8 30. g3 Kd7 31. Rh2 Rf6 32. Bh7 Rf7 33. Bg8 Rg7 34. Bc4 Bf3 35. Bf2 Bxe4+ 36. Bd3 Bf3 37. Bf5+ Ke7 38. Bc5+ Kf6 39. Rf2 Kxf5 40. Rxf3+ Ke4 41. Rf6 Be3 42. Bxe3 Kxe3 43. Rf5 Ke4 44. Rxh5 Rxg3 45. Rh7 Rg2+ 46. Kb3 b6 47. Ra7 Kd5 48. Rxa6 b5 49. Ra8 Rh2 50. Rh8 e4 51. h5 e3 52. Re8 Rxh5 53. Rxe3 Rh4 54. Rg3 Kc5 55. Rg2 Rf4 56. Kc2 b4 57. Rg5+ Kb6 58. cxb4 Rxb4 59. a3 Rh4 60. Rg3 Rh2+ 61. Kc3 Rh4 62. Rd3 Kc5 63. Kb3 Kb5 64. Ka2 Rh2 65. Rb3+ Ka5 66. Rb4 c5 67. Rb8 c4 68. Kb1 c3 69. bxc3 Ka4 70. c4 Kxa3 71. c5 Rh5 72. c6 Rc5 73. Rc8 Kb3 74. c7 Kc4 75. Kb2 Rc6 1/2-1/2